| 000 | 01008nam a22002297a 4500 | ||
|---|---|---|---|
| 999 |
_c1704 _d1704 |
||
| 003 | AR-CdUCM | ||
| 008 | 190227b ||||| |||| 00| 0 spa d | ||
| 040 |
_aMUNICIPALIDAD PROVINCIAL DEL CUSCO _cBIBLIOTECA MUNICIPAL DEL CUSCO |
||
| 082 |
_a301 / _bH3 |
||
| 245 |
_aHistoria y elementos de la sociología del conocimiento : _bSelección de artículos realizada bajo la dirección de Irving Louis Horowitz / |
||
| 260 |
_aArgentina : _bEdit. Universitaria de Buenos Aires, _c1964. |
||
| 300 |
_a2 tomos : _bDiagramas _c23 cm. |
||
| 505 | _aIdeología bonapartista --Weltanschauung,ciencia y economía --La función del mito de la vida social del hombre --La ideología como medio de control social ... | ||
| 650 |
_aConocimiento de la sociología _96303 |
||
| 650 |
_aBibliográfia de las ciencias sociales _96304 |
||
| 650 |
_aPsiquiatria _96305 |
||
| 650 |
_aFisica _92382 |
||
| 700 |
_aHorowitz, Irving Louis _96306 |
||
| 700 |
_aStark, Werner _96307 |
||
| 942 |
_2ddc _cLIBROS |
||
| 945 |
_arjall _d2019-02-27 |
||